| 000 | 00385nam a22001457a 4500 | ||
|---|---|---|---|
| 020 | _a9780072230802 | ||
| 040 | _cNUST | ||
| 082 | _a005.43 SIM | ||
| 100 |
_aSimmons, Curt _957837 |
||
| 245 | _aHow to do Everything with Window XP | ||
| 250 | _a2nd Edition | ||
| 260 |
_aNew York; _bMc Graw Hill, _c2003. |
||
| 650 |
_aHow to do Everything with Window XP _9112178 |
||
| 942 |
_2ddc _cBK |
||
| 999 |
_c594698 _d594698 |
||